إثبات عذاب القبر / (رقم التسجيلة. 25314)
[ عرض عادي ]
| 000 -الفاتح | |
|---|---|
| عناصر البيانات ثابتة الطول | 00745cam a2200181 i 4500 |
| 005 - تاريخ ووقت آخر معاملة | |
| حقل ضبط | 20251203105912.0 |
| 008 - عناصر البيانات ثابتة الطول | |
| عناصر البيانات ثابتة الطول | 250721s1983 jo gr 000 0 ara d |
| 082 14 - رقم تصنيف ديوي العشري | |
| رقم التصنيف | 214.2 |
| رقم المادة | ب ي ه |
| 100 1# - مدخل رئيسي – اسم شخصي | |
| الاسم الشخصي | البيهقي، أبكر أحمد بن الحسين، |
| تواريخ خاصة بالشخص | (384ه-458ه)، |
| علاقة الشخص بالعمل/ دوره | مؤلف. |
| 245 10 - بيان العنوان | |
| العنوان | إثبات عذاب القبر / |
| بيان المسؤولية | تأليف الإمام أبي بكر أحمد بن الحسين البيهيقي ؛ تحقيق الدكتور شرف محمود القضاة. |
| 250 ## - بيان الطبعة | |
| بيان الطبعة | الطبعة الأولى. |
| 264 31 - بيانات النشر، التوزيع…إلخ | |
| مكان النشر، التوزيع...إلخ | عمان : |
| اسم الناشر، الموزع...إلخ | دار الفرقان، |
| تاريخ النشر، التوزيع...إلخ | 1983. |
| 300 ## - الوصف المادي | |
| عدد الوحدات المكونة للوعاء | 142صفحة. |
| 650 17 - مدخل إضافي بالموضوع - مصطلح موضوعي | |
| مصطلح موضوعي أو اسم جغرافي كعنصر مدخل | عذاب القبر. |
| 700 1# - مدخل إضافي - اسم شخصي | |
| الاسم الشخصي | القضاة، شرف محمود |
| علاقة الشخص بالعمل/ دوره | محقق. |
| 942 ## - بيانات إضافية (كوها) | |
| نوع التنصيف | Dewey Decimal Classification |
| نوع المادة (كوها) | كتب |
| حالة السحب | حالة الفقدان | مصدر التصنيف | حالة التلف | غير قابل للإعارة | المكتبة الرئيسية | المكتبة الحالية | موقع الرف | تاريخ التزويد | الرقم المتسلسل | Total Checkouts | رقم الإستدعاء | الباركود | تاريخ آخر ظهور | تاريخ الفاتورة | نوع المادة (كوها) |
|---|---|---|---|---|---|---|---|---|---|---|---|---|---|---|---|
| Dewey Decimal Classification | المكتبة المركزية | المكتبة المركزية | الإعارة | 11/05/2009 | 90257 | 214.2 / ب ي ه | PLD00088168 | 28/07/2025 | 11/05/2009 | كتب |